000 00828nmm a2200253 a 4500
001 ocm0001520593
003 TR-IsHL
005 20201028163103.0
008 170206s2015 tu tur
007 cr cn
035 _a1520593
_b(N$T)
050 0 4 _aR733
_b.D89 2015
090 0 4 _aR733
_b.D89 2015
100 1 _aDüzgün, Özgür
245 1 0 _aHacamat: islami ve tıbbi tedavi
_h[electronic resource] /
_cÖzgür Düzgün
260 _aİstanbul :
_bMercan Kitap,
_c2015
300 _a145 p.
650 4 _aTıp
650 4 _aMedicine
650 0 _aTıp
_x Dinsel yönler
_x İslam
650 0 _aMedicine
_x Religious aspects
_x Islam
650 7 _aMEDICAL / Alternative & Complementary Medicine
_2bisacsh
856 4 0 _uhttp://search.ebscohost.com/login.aspx?direct=true&scope=site&db=e011xww&AN=1520593
999 _c15155
_d15155